| 000 | 00551nam a2200169 i 4500 | ||
|---|---|---|---|
| 001 | 36597 | ||
| 003 | ES-MaACL | ||
| 005 | 20230906155412.0 | ||
| 007 | t| | ||
| 008 | 030218s1949 fr ||||1| fre d | ||
| 100 | 1 |
_aBraudel, Fernand. _931403 |
|
| 245 | 1 | 3 |
_aLa Mediterranée et la monde mediterranéen a l'époque de Philippe II / _cFernand Braudel. |
| 260 |
_aParís : _bArmand Colin, _c1949 ( _eOrleans : _fL'Imprimerie Nouvelle) |
||
| 300 |
_aXV, 1160 p. ; _c26 cm. |
||
| 852 |
_aES-MaACL _jD-6616 _bR.30944 |
||
| 852 |
_aES-MaACL _jC-5687 _bR.34621 |
||
| 999 |
_c36597 _d36597 |
||